=LDR 00000nam 2200000 4500 =001 INLIS000000000032281 =005 20160610114105.0 =006 =007 =008 ind =035 ##$$0010-061300000032281 =041 ##$$a ind =082 ##$$a 495.6 =090 ##$$a 495.6, Adi b1 =100 ##$$a ADIMIHARJA, Mulyana =245 ##$$a Bahasa Jepang Dasar, Mulyana Adimiharja =260 ##$$a 2005 $b Bandung =300 ##$$a xii, 312 hlm, illus, 26,5 cm =650 ##$$a Bahasan Jepang =850 ##$$a NBPNMAT =990 ##$$a 21400613/BPAP-NTB/20142014 =990 ##$$a 0001/BPAP-NTB/2016